|
|
|
|
| LEADER |
01977nam a2200457 i 4500 |
| 001 |
EBC3320154 |
| 003 |
MiAaPQ |
| 005 |
20200520144314.0 |
| 006 |
m o d | |
| 007 |
cr cnu|||||||| |
| 008 |
140918t20142014gw ob 000 0 ger d |
| 020 |
|
|
|z 9783862197989
|
| 020 |
|
|
|a 9783862197996 (e-book)
|
| 035 |
|
|
|a (MiAaPQ)EBC3320154
|
| 035 |
|
|
|a (Au-PeEL)EBL3320154
|
| 035 |
|
|
|a (CaPaEBR)ebr10930024
|
| 035 |
|
|
|a (OCoLC)929118230
|
| 040 |
|
|
|a MiAaPQ
|b eng
|e rda
|e pn
|c MiAaPQ
|d MiAaPQ
|
| 043 |
|
|
|a e-gx---
|
| 050 |
|
4 |
|a JF1128
|b .H353 2014
|
| 082 |
0 |
|
|a 324
|2 23
|
| 100 |
1 |
|
|a Haibl, Fabian,
|e author.
|
| 245 |
1 |
0 |
|a Verfassungskonformer Einsatz rechnergesteuerter Wahlgerate :
|b anforderungen und Losungsvorschlage /
|c Fabian Haibl, Gerrit Hotzel.
|
| 264 |
|
1 |
|a Kassel, Germany :
|b kassel university press,
|c 2014.
|
| 264 |
|
4 |
|c 2014
|
| 300 |
|
|
|a 1 online resource (580 pages).
|
| 336 |
|
|
|a text
|2 rdacontent
|
| 337 |
|
|
|a computer
|2 rdamedia
|
| 338 |
|
|
|a online resource
|2 rdacarrier
|
| 490 |
1 |
|
|a FORUM Wirtschaftsrecht ;
|v Band 18
|
| 504 |
|
|
|a Includes bibliographical references.
|
| 588 |
|
|
|a Description based on online resource; title from title page (ebrary, viewed September 18, 2014).
|
| 590 |
|
|
|a Electronic reproduction. Ann Arbor, MI : ProQuest, 2015. Available via World Wide Web. Access may be limited to ProQuest affiliated libraries.
|
| 650 |
|
0 |
|a Voting-machines
|z Germany.
|
| 650 |
|
0 |
|a Electronic voting
|z Germany.
|
| 655 |
|
4 |
|a Electronic books.
|
| 700 |
1 |
|
|a Hotzel, Gerrit,
|e author.
|
| 776 |
0 |
8 |
|i Print version:
|a Haibl, Fabian.
|t Verfassungskonformer Einsatz rechnergesteuerter Wahlgerate : anforderungen und Losungsvorschlage.
|d Kassel, Germany : kassel university press, c2014
|h xlv, 532 pages
|k Forum Wirtschaftsrecht ; Band 18.
|z 9783862197989
|
| 797 |
2 |
|
|a ProQuest (Firm)
|
| 830 |
|
0 |
|a Forum Wirtschaftsrecht ;
|v Band 18.
|
| 856 |
4 |
0 |
|u https://ebookcentral.proquest.com/lib/matrademy/detail.action?docID=3320154
|z Click to View
|